| 000 | 00489nam a2200181Ia 4500 | ||
|---|---|---|---|
| 005 | 20250923144426.0 | ||
| 008 | 008 250917s9999 xx 000 0 eng d | ||
| 037 | _aTextual | ||
| 040 |
_aDSWL _beng _cDSWL |
||
| 041 |
_aeng _2eng |
||
| 084 | _qDSWL | ||
| 245 | 0 |
_aEnquiring into house hold standard of living in less-developed areas _cby Dept.of Social Affairs UN |
|
| 260 |
_aNew York _c1951 |
||
| 365 |
_aUSD _b2 |
||
| 925 | _g2 | ||
| 942 | _cTEXL | ||
| 999 |
_c1438696 _d1438696 |
||